Statistics for Random Fast Typing

Click here to take the quiz!

General Stats

  • This quiz has been taken 38 times
  • The average score is 33 of 40

Answer Stats

HintAnswer% Correct
appleapple
100%
beaverbeaver
100%
confuseconfuse
100%
introintro
100%
piecepiece
100%
violateviolate
100%
ammoammo
96%
braidbraid
96%
commutecommute
96%
interestinterest
96%
locklock
96%
spacespace
96%
substitutesubstitute
96%
supplysupply
96%
uniformuniform
96%
unlikelyunlikely
96%
weirdweird
96%
wherewhere
96%
withwith
96%
adoptadopt
92%
closeclose
92%
eyelasheyelash
92%
soaksoak
92%
marginmargin
88%
quarterquarter
88%
unawareunaware
88%
ivoryivory
83%
buffetbuffet
75%
grassgrass
75%
justifyjustify
71%
chaoschaos
63%
fencefence
58%
instinctinstinct
58%
realityreality
58%
wastewaste
58%
compoundcompound
54%
riskrisk
54%
circlecircle
50%
strictstrict
46%
trendtrend
46%

Score Distribution

Percentile by Number Answered

Percent of People with Each Score

Your Score History

You have not taken this quiz